| 000 | 00938nam a22002297a 4500 | ||
|---|---|---|---|
| 003 | OSt | ||
| 005 | 20240719143629.0 | ||
| 008 | 240718b ||||| |||| 00| 0 eng d | ||
| 022 | _209745467 | ||
| 040 | _cAIMIT LIBRARY | ||
| 082 |
_a658 _bANVE |
||
| 110 |
_aIndian Education Society _9173637 |
||
| 245 |
_aAnvesha : _bJournal of IES management college and researh centre / _cBy Indian Education Society. |
||
| 260 |
_aMumbai : _bIES Management College and Research Centre , _c2010. |
||
| 300 |
_bHB _c28 cm. |
||
| 440 |
_aAnvesha _vVol.3 No.1&2-2010, Vol.5 No.2-4/2012, Vol.4 No.2/2011 _9173638 |
||
| 440 | _vVol.6 No.1-4/2013, Vol.7 No.1-3/2014 | ||
| 440 | _vVol.7 No.4-2014, Vol.8 No.1-4/2015, Vol.9 No.1-4/2016, Vol.10 No.1&2/2017 | ||
| 650 |
_aReverse mortgage _9173639 |
||
| 650 |
_aMeasurement of employees service quality and delivery in selected public private and foreign sector _9173640 |
||
| 942 |
_2ddc _cBV _k2010,2011,2012 |
||
| 999 |
_c231462 _d231462 |
||